=LDR 00000nam 2200000 4500 =001 INLIS000000000048961 =005 20170117105034.0 =006 =007 =008 =020 ##$$a 978-602-9173-34-5 =035 ##$$0010-011700000000242 =040 ##$$a NBPDMAT =082 ##$$a 641.5 =090 ##$$a 641.5 Rus s =100 ##$$a Rusdiono =245 ##$$a 100 menu pilihan untuk wirausaha / $c oleh Rusdianan =260 ##$$a Jakarta $b Kanaya Press, $c 2015 =300 ##$$a iv, 164 hlm. : $b ilus. ; $c 26 cm. =500 ##$$a Biografi : hlm. 163 =650 ##$$a Makasakan, Resep =990 ##$$a 21601470/BPAP-NTB/2017 =990 ##$$a 21601470/BPAP-NTB/2017